=LDR 00000nam 2200000 4500 =001 INLIS000000000012745 =005 20130612104233 =008 ***********************************Ind** =035 ##$$0010-061300000012745 =041 ##$$a Ind =082 ##$$a 616.072 =090 ##$$a 616.072, Whi s =100 ##$$a Whileside, Nike =245 ##$$a Sakit kepala cara penyembuhan berupa obat, Nike Whilesede ; Penerjemah, Dean prasy p =260 ##$$a 1997 $b Jakarta =300 ##$$a x, 167 hlm, 21 cm =650 ##$$a Sakit kepala =700 ##$$a Praty P, Dean =850 ##$$a NBPNMAT